| 000 | 00357cam a2200157ua 4500 | ||
|---|---|---|---|
| 020 | _a9789332508231 | ||
| 082 |
_a690 _bMCK/BU |
||
| 100 |
_aMkay, W.B . _91109 |
||
| 245 | _aBuilding construction,vol-1 / -Metric Edition | ||
| 250 | _a4 / 5 | ||
| 260 |
_aLondon : _bPearson - Longmans , _c2013 |
||
| 300 | _a172 ; ./170 | ||
| 942 | _cBK | ||
| 999 |
_c62 _d62 |
||
| 003 | @ | ||
| 003 | OSt | ||